2022 March Madness Bracket - Statistics

General Stats
  • This quiz has been taken 130 times
  • The average score is 31 of 68
Answer Stats
Hint Answer % Correct
1 Kansas
86%
2 Duke
81%
1 Gonzaga
81%
8 North Carolina
77%
6 Texas
76%
1 Baylor
74%
2 Kentucky
71%
11 Michigan
71%
1 Arizona
67%
4 UCLA
66%
4 Arkansas
65%
3 Purdue
64%
15 Saint Peter's
63%
7 Michigan State
61%
3 Texas Tech
61%
5 Iowa
60%
2 Villanova
59%
5 Houston
57%
6 Alabama
55%
4 Illinois
55%
3 Tennessee
53%
9 Memphis
52%
7 Ohio State
52%
10 Miami
51%
5 Uconn
51%
2 Auburn
50%
11 Iowa State
49%
9 TCU
49%
6 LSU
46%
5 Saint Mary's
46%
8 Boise State
45%
12 Indiana
45%
11 Rutgers
44%
11 Virginia Tech
44%
7 USC
43%
3 Wisconsin
42%
9 Creighton
41%
9 Marquette
40%
11 Notre Dame
40%
4 Providence
40%
16 Georgia State
39%
8 Seton Hall
39%
10 Loyola Chicago
38%
12 New Mexico State
38%
10 Davidson
36%
7 Murray State
36%
12 Richmond
36%
13 Vermont
36%
8 San Diego State
35%
12 Wyoming
32%
13 Chattanooga
31%
13 Akron
30%
10 San Francisco
29%
13 South Dakota State
29%
16 Texas Southern
29%
15 Cal State Fullerton
28%
14 Colgate
28%
14 Longwood
27%
14 Montana State
27%
16 Norfolk State
27%
16 Bryant
26%
6 Colorado State
26%
12 UAB
26%
14 Yale
26%
16 Wright State
22%
15 Jacksonville State
18%
15 Delaware
17%
16 Texas A&M CC
15%
No matching quizzes found
Score Distribution
Percent of People with Each Score
Percentile by Number Answered
Your Score History
You have not taken this quiz